| 000 | 00650nam a2200253 a 4500 | ||
|---|---|---|---|
| 001 | 69552 | ||
| 003 | BD-RjUL | ||
| 005 | 20211209081912.0 | ||
| 008 | 170412m19971994enka 001 0 eng d | ||
| 020 | _a0719553695 | ||
| 035 | _a(BD-RjUL)69764 | ||
| 040 |
_aUKM _cUKM _dBD-RjUL _beng |
||
| 041 | _aeng | ||
| 082 |
_223 _a530 _bDUA 1997 |
||
| 100 | 1 |
_aDuncan, Tom. _d1922-2007 _9206008 |
|
| 245 | 1 | 0 |
_aAdvanced physics / _cTom Duncan. |
| 250 | _a4th ed. | ||
| 260 |
_aLondon : _bJohn Murray, _c1997. |
||
| 300 |
_avii, 587 p. : _bill. ; _c25 cm. |
||
| 500 | _aIncludes indexes. | ||
| 650 | 0 |
_aPhysics. _9206009 |
|
| 942 |
_2ddc _cBK |
||
| 999 |
_c69552 _d69552 |
||